00197nam a2200073Ia 4500008004100000082000800041100002200049245005200071240331s9999 xx 000 0 und d bWIC aWickramasinghe, N 0aEthnic politics in colonial Sri Lanka 1927-1947